Top 15 des plus hautes stations de ski des alpes francaises - Statistiques

Statistiques générales
  • Ce quiz a été pris 92 fois
  • Le résultat moyen est 7 sur 15
Statistiques - réponses
altitude station % Correct
2350m val thorens
85%
2100m tignes
75%
2000m la plagne
73%
1830m val d'isère
68%
1950m les arcs
66%
1830m les menuires
54%
1860m alpe d'huez
52%
1830m avoriaz
49%
2050m isola 2000
29%
1850m la rosière
28%
1880m risoul
28%
1860m vars
24%
1850m montgenèvre
22%
1850m bonneval sur arc
16%
1830m orcières merlette
13%
Aucun quiz correspondant
Distribution des résultats
% des personnes avec chaque résultat
Percentile par nombre de réponses
Votre historique - résultats
Vous n’avez pas pris ce quiz